मृत्योर्मामृतं गमयः (Record no. 72196)

MARC details
000 -LEADER
fixed length control field 01393nam a22002777a 4500
005 - DATE AND TIME OF LATEST TRANSACTION
control field 20191115164547.0
010 ## - LCCN (DPL NO)
LC control number HIN-97726 B-730926
020 ## - INTERNATIONAL STANDARD BOOK NUMBER
Terms of availability 300.00
International Standard Book Number 9789381063309
035 ## - SYSTEM CONTROL NUMBER
System control number HN-70072
035 ## - SYSTEM CONTROL NUMBER
System control number B-730926
037 ## - SOURCE OF ACQUISITION
Source of stock number/acquisition DBAD / PUB
037 ## - SOURCE OF ACQUISITION
Source of stock number/acquisition डी.बी.ए.डी./ उपहार
082 ## - DEWEY DECIMAL CLASSIFICATION NUMBER
Classification number
100 ## - MAIN ENTRY--PERSONAL NAME
Personal name गुप्ता, रेणु 'राजवंशी '
245 ## - TITLE STATEMENT
Title मृत्योर्मामृतं गमयः
Statement of responsibility, etc रेणु 'राजवंशी ' गुप्ता; शोभा पटेल एवं शुभ्रा शर्मा
Remainder of title स्तन-कैंसर पर एक शोधपरक उपन्यास /
246 ## - VARYING FORM OF TITLE
Title proper/short title Mrityoramamritam Gamya
Remainder of title by Renu 'Rajvanshi' Gupta
260 ## - PUBLICATION, DISTRIBUTION, ETC. (IMPRINT)
Name of publisher, distributor, etc ग्रंथ अकादमी
Date of publication, distribution, etc 2012
Place of publication, distribution, etc नई दिल्ली
270 ## - ADDRESS
Address 1695 पुराना दरियागंज
City नई दिल्ली
Postal code 110002
300 1# - PHYSICAL DESCRIPTION
Extent 230पृ.
Dimensions 22सेमी (सजिल्द)
650 ## - SUBJECT ADDED ENTRY--TOPICAL TERM
Topical term or geographic name as entry element Hindi Novel
650 ## - SUBJECT ADDED ENTRY--TOPICAL TERM
Topical term or geographic name as entry element हिन्दी कथा साहित्य
700 ## - ADDED ENTRY--PERSONAL NAME
9 (RLIN) 27483
Personal name पटेल, शोभा
700 ## - ADDED ENTRY--PERSONAL NAME
Personal name शर्मा, शुभ्रा
9 (RLIN) 54344
942 ## - ADDED ENTRY ELEMENTS (KOHA)
Institution code [OBSOLETE] dpl
Item type Hindi Books
Source of classification or shelving scheme Dewey Decimal Classification
Call number suffix गुप्तारे
Classification part
Holdings
Withdrawn status Lost status Not for loan Collection code Home library Current library Date acquired Source of acquisition Cost, normal purchase price Full call number Barcode Copy number Cost, replacement price Koha item type Public note
      Fiction Central Library Central Library 15/11/2019 उपहार/13.11.19 300.00 उ गुप्तारे B-730926 1 300.00 Hindi Books उपहार
    Not For Loan Fiction D.B.Act.Division D.B.Act.Division 17/12/2012 DBAD / PUB 300.00 उ गुप्तारे HN-70072 1 300.00 Hindi Books  

© Delhi Public Library
Hit Counter
free hit counter